[Event "2nd Sanjin Hotel Cup"]
[Site "Tiayuan CHN"]
[Date "2005.07.11"]
[Round "3"]
[White "Zhao Xue"]
[Black "Petrosian,TL"]
[Result "0-1"]
[WhiteElo "2470"]
[BlackElo "2581"]
[EventDate "2005.07.09"]

1. d4 d5 2. c4 e6 3. Nc3 c5 4. cxd5 exd5 5. Nf3 Nc6 6. g3 Nf6 7. Bg2 Be7 8.
O-O O-O 9. Bg5 cxd4 10. Nxd4 h6 11. Be3 Re8 12. Rc1 Bf8 13. a3 Bg4 14. h3
Be6 15. Nxc6 bxc6 16. Bd4 Nh7 17. e4 dxe4 18. Nxe4 Bd5 19. Qd3 Rxe4 20.
Bxe4 Ng5 21. Bxd5 Qxd5 22. Rc3 Rd8 23. Rd1 Nxh3+ 24. Kf1 Qh1+ 25. Ke2 Qg2
26. Qe3 Rd6 27. Rc5 Ng1+ 28. Kd2 Nf3+ 29. Kc3 Re6 30. Qd3 Nxd4 31. Qxd4 Rd6
32. Qxd6 Bxd6 33. Rxd6 Qxf2 34. Rdxc6 Qxg3+ 35. Kb4 Qb8+ 36. Rb5 Qd8 37. a4
g6 38. Rb7 Qd4+ 39. Ka3 h5 40. Rc8+ Kg7 41. Rcc7 Qd6+ 42. b4 Qg3+ 43. Kb2
Qf2+ 44. Kc3 h4 0-1

[Event "2nd Sanjin Hotel Cup"]
[Site "Tiayuan CHN"]
[Date "2005.07.16"]
[Round "8"]
[White "Zhang Pengxiang"]
[Black "Zhao Xue"]
[Result "0-1"]
[WhiteElo "2616"]
[BlackElo "2470"]
[EventDate "2005.07.09"]

1. e4 e5 2. Nf3 Nc6 3. d4 exd4 4. Nxd4 Bc5 5. Be3 Qf6 6. c3 Nge7 7. Bc4 Ne5
8. Be2 Qg6 9. O-O O-O 10. Nd2 d5 11. Bh5 Qd6 12. Kh1 f5 13. f4 Nd3 14. e5
Qh6 15. b4 Bxd4 16. cxd4 Nxb4 17. Be2 Nbc6 18. Rc1 Bd7 19. Qb3 Rab8 20. Qa3
a5 21. Rb1 Qe6 22. Rfc1 b6 23. Rc3 Nc8 24. Rbc1 N8a7 25. Qb3 Rfd8 26. R3c2
Be8 27. Nb1 b5 28. Rc5 Nb4 29. Rxc7 Nac6 30. Qa3 Rb6 31. Nc3 Na6 32. Nxb5
Nxc7 33. Nxc7 Qe7 34. Qxe7 Nxe7 35. h3 Rc6 36. Rxc6 Bxc6 37. Bd2 a4 38. Bb4
Kf7 39. Kg1 Rb8 40. Na6 Rb6 41. a3 Ng6 42. g3 Nf8 43. Nc5 Ne6 44. Nxe6 Kxe6
45. Bd1 Rxb4 46. axb4 a3 47. Bb3 Bb5 0-1

[Event "2nd Sanjin Hotel Cup"]
[Site "Tiayuan CHN"]
[Date "2005.07.20"]
[Round "11"]
[White "Zhang Zhong"]
[Black "Zhao Xue"]
[Result "1/2-1/2"]
[WhiteElo "2608"]
[BlackElo "2470"]
[EventDate "2005.07.09"]

1. e4 e5 2. Nf3 Nc6 3. Bb5 a6 4. Ba4 Nf6 5. O-O Be7 6. Bxc6 dxc6 7. Nc3 Nd7
8. d4 exd4 9. Nxd4 Nc5 10. Be3 O-O 11. Qf3 Bd6 12. Nf5 Bxf5 13. Qxf5 Re8
14. Rfe1 Qe7 15. f3 Qh4 16. g3 Qe7 17. Rad1 Rad8 18. Kg2 b6 19. h4 f6 20.
h5 Qf7 21. Qg4 Re5 22. f4 Rxh5 23. e5 fxe5 24. Bxc5 exf4 25. Bf2 Rf5 26.
Ne4 Rf8 27. Nxd6 cxd6 28. Rxd6 fxg3 29. Bxg3 h5 30. Qg6 Rf2+ 31. Kh3 Qf3
32. Qe4 Qxe4 33. Rxe4 Rxc2 34. Rg6 Kh7 35. Rg5 Kh6 36. Rge5 Rxb2 37. Bf4+
Kg6 38. Rg5+ Kf6 39. Kh4 Kf7 40. Be5 Rxa2 41. Bxg7 Rg8 42. Rf4+ Ke6 43.
Rg6+ Ke7 44. Rxc6 Rh2+ 45. Kg3 Rd2 46. Rg6 Rd6 47. Rg5 Ke8 48. Re4+ Kf7 49.
Rf4+ Ke8 50. Kh4 Rd7 51. Be5 Rxg5 52. Kxg5 1/2-1/2